Horror and Shooter Video Games - Statistiken

Allgemein
  • Dieses Quiz wurde 70 mal gespielt
  • Das Durchschnittsergebnis liegt bei 8 aus 20
Antwortstatistiken
Hint Antwort % Korrekt
Survival horror classic set in a zombie-infested mansion Resident Evil
89%
First-person shooter where you fight Nazis in a castle Wolfenstein
74%
Classic FPS where you fight demons from Hell Doom
70%
Psychological horror in a foggy, deserted town Silent Hill
57%
Survival game where you avoid a deadly Xenomorph on a space station Alien Isolation
56%
Underwater city filled with mutated enemies and a dark secret BioShock
56%
Horror game aboard a spaceship overrun by Necromorphs Dead Space
51%
Survival game set in a post-apocalyptic world with a strong emotional story The Last of Us
46%
Horror game set in an abandoned insane asylum, armed only with a night-vision camera Outlast
44%
Adventure game featuring an archaeologist exploring ancient ruins Tomb Raider
44%
Story-driven adventure game set in the world of the popular zombie series The Walking Dead
39%
Co-op shooter where you survive against waves of zombies Left 4 Dead
26%
Psychological horror from the creator of Resident Evil The Evil Within
26%
Third-person action game where you fight a cult and mutated creatures in rural Spain Resident Evil 4
23%
First-person shooter with creepy paranormal elements Fear
21%
Third-person shooter about a cop seeking revenge for his family's murder Max Payne
13%
FPS with fast-paced combat across dimensions Quake
10%
Sci-fi horror with an evil AI on a space station System Shock 2
7%
First-person shooter where you fight alien creatures in a secret research facility Half-Live
3%
Stealth-based action game set in Nazi-occupied Europe Castle Wolfenstein
2%
Keine übereinstimmenden Quizze gefunden
Verteilung der Resultate
Anzahl Personen mit jedem Resultat
Perzentil nach korrekt beantworteten Fragen
Ihre Resultats-Entwicklung
Sie haben dieses Quiz noch nicht gespielt